Diagnostic pathology : (Record no. 99060)

MARC details
000 -LEADER
fixed length control field 01606nam a22002657a 4500
003 - CONTROL NUMBER IDENTIFIER
control field URS
005 - DATE AND TIME OF LATEST TRANSACTION
control field 20260406171226.0
008 - FIXED-LENGTH DATA ELEMENTS--GENERAL INFORMATION
fixed length control field 231102s2024 paua 000 0 eng
020 ## - INTERNATIONAL STANDARD BOOK NUMBER
International Standard Book Number 978-0-44312-477-8
040 ## - CATALOGING SOURCE
Language of cataloging English
Description conventions rda
Transcribing agency URS
050 00 - LIBRARY OF CONGRESS CALL NUMBER
Classification number RC112
Item number .So471 2024
100 1# - MAIN ENTRY--PERSONAL NAME
Personal name Solomon, Isaac,
Fuller form of name (Issac H.),
Relator term author.
245 10 - TITLE STATEMENT
Title Diagnostic pathology :
Name of part/section of a work Infectious diseases /
Statement of responsibility, etc Isaac H. Solomon MD PhD, Dan Milner MD MSc(Epi) MBA.
250 ## - EDITION STATEMENT
Edition statement Third edition.
264 #1 - PUBLICATION, DISTRIBUTION, ETC. (IMPRINT)
Place of publication, distribution, etc Philadelphia, PA :
Name of publisher, distributor, etc Elsevier,
Date of publication, distribution, etc ©2024.
300 ## - PHYSICAL DESCRIPTION
Extent xv, 505 pages :
Other physical details color illustrations ;
Dimensions 29 cm.
336 ## - CONTENT TYPE
Content type term text
Content type code txt
Source rdacontent
337 ## - MEDIA TYPE
Media type term unmediated
Media type code n
Source rdamedia
338 ## - CARRIER TYPE
Carrier type term volume
Carrier type code nc
Source rdacarrier
520 ## - SUMMARY, ETC.
Summary, etc "This expert volume in the Diagnostic Pathology series is an excellent point-of-care resource for practitioners at all levels of experience and training. Covering all aspects of infectious diseases, including novel infections and lesser-known microorganisms, this volume incorporates the most recent scientific and technical knowledge in the field to provide a comprehensive overview of all key issues relevant to today's practice. Richly illustrated and easy to use, the third edition of Diagnostic Pathology: Infectious Diseases is a visually stunning, one-stop resource for every practicing pathologist, resident, student, or fellow as an ideal day-to-day reference or as a reliable training resource"--
Assigning source Provided by publisher.
650 #0 - SUBJECT ADDED ENTRY--TOPICAL TERM
Topical term or geographic name as entry element Communicable diseases
General subdivision Diagnosis.
650 #0 - SUBJECT ADDED ENTRY--TOPICAL TERM
Topical term or geographic name as entry element Communicable diseases
General subdivision Pathophysiology.
700 ## - ADDED ENTRY--PERSONAL NAME
Personal name Milner, Dan,
Relator term author.
942 ## - ADDED ENTRY ELEMENTS (KOHA)
Source of classification or shelving scheme Library of Congress Classification
Koha item type Reserved Books
Holdings
Withdrawn status Lost status Source of classification or shelving scheme Damaged status Not for loan Collection code Home library Current library Shelving location Date acquired Source of acquisition Cost, normal purchase price Total Checkouts Full call number Barcode Date last seen Copy number Cost, replacement price Price effective from Koha item type
    Library of Congress Classification     Non-fiction Taytay College Library Taytay College Library Medicine Collection 03/15/2026 Purchased 21573.00   RC112 .So471 2024 URSTAY-6060 03/15/2026 1 21573.00 03/15/2026 Reserved Books

University of Rizal System
Email us at univlibservices@urs.edu.ph

Visit our Website www.urs.edu.ph/library